000 00310nam a22001337a 4500
008 170724b xxu||||| |||| 00| 0 eng d
020 _a9780130486745
041 _aeng
080 _26TH
_a004
100 _a29
101 _aSHKI
245 _aEXPERIMENTS IN DIGITAL FUNDAMENTALS
_cBUCHLA, D
942 _2udc
_cBK
999 _c21780
_d21780